000 00338pab a2200145 454500
008 180718b2004 xxu||||| |||| 00| 0 eng d
100 _aChandra, Lokesh
245 _aBuddhist values and the human imperative
260 _c2004
300 _ap.15-25.
362 _aJul-Sep
650 _aBuddhism
773 _aDialogue
909 _a62885
999 _c62885
_d62885